000 01069nas a2200325 4500
001 BR2015003935
003 BR-BrBNA
005 20231205125537.0
007 ta
008 230509b bl.|||p| |||| 00| 00por d
040 _aBR-BrBNA
_bpor
_cBiblioteca Nacional de Agricultura
041 _a(Pt)
072 _aP40
100 1 _aFiorio, P.R.
100 1 _aDuarte, S.N.
100 1 _aRodrigues, G. de O.
100 1 _aMiranda, J.H. de
100 1 _aCooke, R.A.
245 1 _aComparação de equações de chuvas intensas para localidades do estado de São Paulo
246 1 _aComparing rainfall intensity duration relationships for sites of the state of São Paulo
650 _aPLUVIOMETRIA
650 _aPRECIPITACAO PLUVIAL
650 _aESCOAMENTO
650 _aMETODO MATEMATICO
650 _aANALISE
773 0 _tEngenharia Agrícola (Brazil)
_xISSN 1809-4430
_g(Nov-Dec 2012), v. 32(6) p. 1080-1088
_wBR2015003935
856 4 0 _uhttp://www.scielo.br/pdf/eagri/v32n6/09.pdf
909 _a202311
_bLúcia
_c55
_dLúcia Elande
942 _2AGRIS
_n0
_cANA
999 _c244853
_d244853